Responses for Show #1867 - Tuesday, October 20, 1992

Game entered from audiorecording. Missing prizes.

Contestants

[<< previous game]

Gavin Reardon, a Marine Corps officer originally from Cape Cod, Massachusetts

Chuck Wills, an editor from Fishkill, New York

Brett Geer, a law student from St. Petersburg, Florida (whose 1-day cash winnings total $16,201)

[next game >>]

Jeopardy! Round responses

HOLIDAYS & OBSERVANCES
ARTISTS
BEATLES LYRICS
CANADA
INTERNATIONAL CUISINE
"T" BIRDS
(Alex: Each correct response will begin with that letter of the alphabet.)
    $100 6
New Year's Day

Brett
    $100 11
Shakespeare

Gavin
    $100 1
"follow the Sun"

Brett
    $100 16
"God Save The Queen"

Brett
    $100 26
Worcestershire sauce

Chuck
    $100 21
turkey

Brett
    $200 7
(Gavin: What is Groundhog's Day?)
[Accepted without remark]

Groundhog Day

Gavin
    $200 12
outdoors

Chuck
    $200 2
(Brett: [No response])
(Chuck: What is "she loves me"?)

"she loves you"

BrettChuck
Triple Stumper
    $200 17
(Chuck: What is Hudson's Bay?)

Hudson Bay

Chuck
    $200 27
rice

Brett
    $200 22
a toucan

Gavin
    $300 8
Hannibal, Missouri

Brett
    $300 13
West Point

Brett
    $300 3
(Brett: Who is John?)

Paul

BrettChuck
    $300 18
Prince Edward Island

Chuck
    $300 28
Hollandaise

Gavin
    $300 23
(Chuck: What are calling birds?)

turtle doves

ChuckGavin
    $400 9
Oklahoma

Chuck
    $400 14
Rouen

Gavin
    $400 4
Rocky Raccoon

Chuck
    $400 19
Champlain

Brett
    $400 29
Burma

Brett
    $400 24
teals

Gavin
    $500 10
Pentecost

Brett
    $500 15
Rousseau

Gavin
    $500 5
"All You Need Is Love"

Chuck
    $700 20
(Brett: What is Glacier Park?)

Banff or Jasper National Park

Brett
    $500 30
(Gavin: What is tripe?)

haggis

ChuckGavin
    $500 25
the thrush

Triple Stumper

Scores at the first commercial break (after clue 12):

Brett Chuck Gavin
$500 $1,600 $300

Scores at the end of the Jeopardy! Round:

Brett Chuck Gavin
$1,300 $2,400 $1,900

Double Jeopardy! Round responses

THE HUMAN BODY
STATE TREES
FAMOUS NAMES
PHOTOGRAPHY
FICTIONAL DETECTIVES
WORLD HISTORY
    $200 11
(Chuck: What are the brains?)

the eyes

ChuckGavin
    $200 26
(Brett: What is the redwood? [*] redwood?)

California

Brett
    $200 16
Desmond Tutu

Brett
    $200 1
(George) Eastman

Gavin
    $200 21
Sherlock Holmes

Gavin
    $200 4
Cuba

Chuck
    $400 12
the esophagus

Brett
    $400 27
(Gavin: What is the peach?)
(Brett: What's the live [*]?)

the oak

BrettGavin
    $400 17
Gandhi

Gavin
    $400 2
film

Gavin
    $400 22
Miss Marple

Chuck
    $400 5
Stalin

Gavin
    $600 13
the lungs

Brett
    $600 28
the pine

Chuck
    $2,500 18
Toscanini

Gavin
    $600 3
Japan

Chuck
    $600 23
a rabbi

Gavin
    $600 7
the Bank of England

Gavin
    $800 14
the gallbladder

Brett
    $800 29
the palmetto

Gavin
    $800 19
Rickenbacker

Brett
    $800 6
(Brett: What's ouija?)

Weegee

BrettChuck
    $800 24
Travis McGee

Brett
    $800 9
(Gavin: What is "The Young [*]"?)

Pretender

Gavin
    $2,300 15
the cochlea

Brett
    $1000 30
(Gavin: What is magnolia?)

dogwood

ChuckGavin
    $1000 20
Stanley

Brett
    $1000 8
Margaret Bourke-White

Chuck
    $1000 25
(Tony) Hillerman

Chuck
    $1000 10
Sukarno

Chuck

Scores at the end of the Double Jeopardy! Round:

Brett Chuck Gavin
$8,000 $8,800 $7,600

[wagering suggestions for these scores]

Final Jeopardy! Round responses

MEN OF SCIENCE
(Alex: [To Gavin] Who is Doug Goff?)
(Gavin: He's one of my best friends.)
(Alex: I see. Well, he'll be delighted that he was mentioned.)
GavinWho is Doug Goff?
$2,000
BrettWho is Burbank?
$8,000
ChuckWho Burbank?
$8,000
Luther Burbank

Final scores:

Brett Chuck Gavin
$16,000 $16,800 $5,600
2nd place New champion: $16,800 3rd place

Game dynamics:

Coryat scores:

Brett Chuck Gavin
$7,400 $8,800 $5,700
20 R
(including 1 DD),
4 W
(including 1 DD)
18 R,
3 W
19 R
(including 1 DD),
3 W

Combined Coryat: $21,900

[game clues] [game scores] [suggest correction]

Game tape date: 1992-08-17
The J! Archive is created by fans, for fans. Scraping, republication, monetization, and malicious use prohibited; this site may use cookies and collect identifying information. See terms. The Jeopardy! game show and all elements thereof, including but not limited to copyright and trademark thereto, are the property of Jeopardy Productions, Inc. and are protected under law. This website is not affiliated with, sponsored by, or operated by Jeopardy Productions, Inc. Join the discussion at JBoard.tv.